000 00654nam a2200253Ia 4500
003 OSt
005 20221006145015.0
006 a|||||r|||| 00| 0
007 ta
008 221006b |||||||| |||| 00| 0 eng d
020 _c27.00
024 _a13,483
037 _cTextual
040 _aEASL
_cEASL
_beng
041 _2eng
_aeng
082 _aV44Q7:19410j73.N71, L2
100 _aDAS Tapan
245 0 _aSino-PAk collusion and U.S. policy
260 _aBombay
_bAsia Pub.
_c1972
300 _a178p.
_ccm.
490 _v CEL
942 _hV44Q7:19410j73.N71, L2
_cTEXL
_2CC
999 _c1081569
_d1081569